<?xml version="1.0" encoding="UTF-8"?>
<marc:record xmlns:marc="http://www.loc.gov/MARC21/slim">
   <marc:leader>00000nam a2200000 a 4500</marc:leader>
   <marc:datafield ind1="1" ind2=" " tag="100">
      <marc:subfield code="a">Fuchshofer, Rosmarie</marc:subfield>
      <marc:subfield code="4">aut</marc:subfield>
      <marc:subfield code="e">Verfasser/-in</marc:subfield>
   </marc:datafield>
   <marc:datafield ind1=" " ind2=" " tag="653">
      <marc:subfield code="a">Künstler</marc:subfield>
   </marc:datafield>
   <marc:datafield ind1=" " ind2=" " tag="653">
      <marc:subfield code="a">Lungauer</marc:subfield>
   </marc:datafield>
   <marc:datafield ind1=" " ind2=" " tag="653">
      <marc:subfield code="a">LKV</marc:subfield>
   </marc:datafield>
   <marc:datafield ind1=" " ind2=" " tag="653">
      <marc:subfield code="a">Lungauer Kulturvereinigung</marc:subfield>
   </marc:datafield>
   <marc:datafield ind1=" " ind2=" " tag="653">
      <marc:subfield code="a">Lungau</marc:subfield>
   </marc:datafield>
   <marc:datafield ind1=" " ind2=" " tag="653">
      <marc:subfield code="a">Lungau  &lt;Kultur&gt;</marc:subfield>
   </marc:datafield>
   <marc:datafield ind1="0" ind2="0" tag="245">
      <marc:subfield code="a">VOM LUNGAU  Land / Leute / Kultur</marc:subfield>
   </marc:datafield>
   <marc:datafield ind1="0" ind2="0" tag="245">
      <marc:subfield code="b">Publikation zum  40-jährigen Bestehen der Lungauer Kulturvereinigung LKV</marc:subfield>
   </marc:datafield>
   <marc:datafield ind1=" " ind2="1" tag="264">
      <marc:subfield code="b">Verlag W. Pfeifenberger</marc:subfield>
      <marc:subfield code="c">2014</marc:subfield>
   </marc:datafield>
   <marc:datafield ind1="1" ind2=" " tag="520">
      <marc:subfield code="a">Das Spannungsfeld zwischen Tradition und Moderne, zwischen Bewahren und Veränderung, Stabilität und Aufbruch war und ist das Arbeitsfeld der Lungauer Kulturvereinigung.
 Die Entwicklung, dieses Spannungsfeld, der Produktstolz, die Lernerfahrungen, Kontakte und Beziehungen, die Unterstützer, Weggefährten und Gegenströmungen, die Hindernisse, Erfolge und das Scheitern sind Inhalt dieser „Festschrift anderer Art“.
Der Jubiläumsband „Vom LUNGAU“ ist ein informatives, buntes Mosaik aus Beiträgen verschiedenster Quellen. Personen, die die LKV geprägt haben, kommen ebenso zu Wort wie Personen, in deren Leben die aktive Teilhabe an der Kulturarbeit im Lungau Spuren hinterlassen hat.
 Die Entwicklungsgeschichte der LKV wird durch Fotos von Publikationen, Produktionen, Spielstätten und Kooperationspartner illustriert.
 Bildmaterial, Personenportraits und Kurzbeiträge („Wortspenden“)
sollen zeigen, welche und wie viele Menschen hier AM WERK waren und sind.

Darüber hinaus beinhaltet die Publikation einen umfangreichen Dokumentationsteil und eine Audio-CD mit Beiträgen von befreundeten Musikgruppen und MusikerInnen wie die Lungau Big Band, Querschläger, Rudi &amp; Felix Wilfer, Nane Frühstückl, Murvalley Dixie Land Band, Maria Hauser, Rafael Fingerlos, u.a.
</marc:subfield>
   </marc:datafield>
   <marc:datafield ind1="3" ind2=" " tag="024">
      <marc:subfield code="a">9733901496318</marc:subfield>
   </marc:datafield>
</marc:record>
